000
00211 a2200109 4500
020
_a
9788493824075
041
_a
spa
100
_a
Mar Pavon
245
_a
Puede pasarle a cualquiera
942
_c
BK
952
_7
1
999
_c
24064
_d
24064